Ont-ils déjà joué avec... Gene Hackman ? - Statistiques

Statistiques générales
  • Ce quiz a été pris 4 fois
  • Le résultat moyen est 3 sur 10
Answers on the Grid
Answers color-coded by a green-red scale on the quiz's grid according to % correct below.
Paul Newman
Catherine Zeta-Jones
Lucy Liu
Jack Lemmon
Christoph Waltz
Andy Garcia
Julia Roberts
Carole Bouquet
Rachel McAdams
Omar Sharif
Malcolm McDowell
Bo Derek
Jean-Louis Trintignant
Mia Farrow
Faye Dunaway
Oliver Reed
Julie Andrews
Robert Redford
Peter Fonda
Danny Glover
 
Statistiques - réponses
Réponse % Correct
Faye Dunaway
50%
Jean-Louis Trintignant
50%
Julia Roberts
50%
Mia Farrow
25%
Paul Newman
25%
Peter Fonda
25%
Robert Redford
25%
Danny Glover
0%
Julie Andrews
0%
Oliver Reed
0%
Aucun quiz correspondant
Distribution des résultats
% des personnes avec chaque résultat
Percentile par nombre de réponses
Votre historique - résultats
Vous n’avez pas pris ce quiz